Sports Quiz

Random Sports or Baseball Quiz

Mets Third Basemen, Minimum 50 Games Quiz Stats

 Plays Quiz not verified by Sporcle

Also try: MLB .400 Hitters
Challenge
Share
Tweet
Score 0/36 Timer 12:00
1 Play Today
Last Season w/Mets % Correct
2010David Wright
98.7%
1993Howard Johnson
85.7%
2001Robin Ventura
81.9%
2002Edgardo Alfonzo
72.8%
1986Ray Knight
72.5%
2004Ty Wigginton
49.7%
1999Bobby Bonilla
42.9%
1976Wayne Garrett
42.2%
1991Hubie Brooks
40.2%
1969Ed Charles
39.7%
1991Gregg Jefferies
31.1%
1992Dave Magadan
30.2%
1996Jeff Kent
28.7%
1977Joe Torre
27.5%
1965Charley Smith
27.2%
1973Jim Fregosi
25.8%
2004Joe McEwing
23.1%
1998Butch Huskey
22.2%
Last Season w/Mets % Correct
1978Lenny Randle
21.4%
1970Joe Foy
20%
1982Joel Youngblood
18.3%
1979Richie Hebner
17.3%
1967Ken Boyer
16.5%
2000Matt Franco
15.8%
1980Elliott Maddox
13.9%
1966Jim Hickman
12.3%
1977Roy Staiger
12.2%
1963Charlie Neal
11.8%
1971Bob Aspromonte
11.4%
1962Felix Mantilla
11.2%
1996Tim Bogar
8.3%
1993Chico Walker
7.5%
1964Rod Kanehl
6.5%
1969Kevin Collins
4.8%
1968Jerry Buchek
4.6%
1965Bobby Klaus
2.3%

You're not logged in!

Compare scores with friends on all Sporcle quizzes.
OR
Log In

You Might Also Like...

Show Comments

Extras

Top Quizzes Today


Score Distribution

Your Account Isn't Verified!

In order to create a playlist on Sporcle, you need to verify the email address you used during registration. Go to your Sporcle Settings to finish the process.

Report this User

Report this user for behavior that violates our Community Guidelines.

Details: